Politika zamestnanosti v SR

Saved in:
Bibliographic Details
Main Author: Ochotnický, Pavol
Format: Book Chapter
Language:Slovak
Tags: Add Tag
No Tags, Be the first to tag this record!

MARC

LEADER 00000naa$a2200000$$$4500
001 0092854
005 20240502072033.2
041 0 |a slo 
044 |a SK 
245 1 0 |a Politika zamestnanosti v SR  |c Pavol Ochotnický 
100 1 |a Ochotnický, Pavol